| 000 | 01008nam a2200289 i 4500 | ||
|---|---|---|---|
| 003 | DO-SdBNP | ||
| 005 | 20250224103040.0 | ||
| 007 | ta | ||
| 008 | 250224t2015 dr 001 0 spa d | ||
| 020 | _z9789945586428 | ||
| 040 |
_aDO-SdBNP _bspa _cBNPHU _erda |
||
| 082 |
_axxxx _bL579 _222 |
||
| 100 | 1 |
_aLeón Berroa, Eleuterio de _d1895-1945 _eautor _4aut. _987026 |
|
| 245 | 1 | 0 |
_aBromeando : _bperiodismo patriótico / _cEleuterio de León Berroa ; presentación Aquiles Castro |
| 264 | 4 |
_aSanto Domingo : _bAGN, _c©2015. |
|
| 300 |
_a296 páginas _c23 cm. |
||
| 336 |
_atexto _btxt _2rdacontent |
||
| 337 |
_asin mediación _bn _2rdamedia |
||
| 338 |
_avolumen _bnc _2rdacarrier |
||
| 490 | 1 |
_aArchivo General de la Nación _v222 |
|
| 500 | _aIncluye datos biográficos de la autora en la solapa de la portada. | ||
| 590 | _aInventariado, 2025/ YL | ||
| 700 |
_aCastro, Aquiles _epresentador _4pres. _972793 |
||
| 710 | 1 |
_aArchivo General de la Nación _985912 |
|
| 910 | _aYLockward | ||
| 942 |
_2ddc _cLBS1 |
||
| 999 |
_c58189 _d58189 |
||